000 00939cam a2200277 a 4500
001 16643397
005 20231101141235.0
008 110208m20089999enka b 001 0 eng d
020 _a9780714844053 (v. 1)
020 _a0714844055 (v. 1)
040 _aNPL
_cNPL
_dTXA
_dBWX
_dPUL
_dVP@
_dIQU
_dOSU
_dVJA
_dIMO
_dCDX
_dUBA
_dGEBAY
_dDLC
082 0 4 _a709.04
_222
245 0 0 _aSalon to biennial :
_bexhibitions that made art history /
_cconceived and edited by Phaidon editors and Bruce Altshuler ; introductory essay and chapter introductions by Bruce Altshuler.
260 _aLondon ;
_aNew York, N.Y. :
_bPhaidon,
_cc2008- < >
300 _av. <1 > :
650 0 _aArt, Modern
650 0 _aArt, Modern
650 0 _aArt, Modern
650 0 _aArt, Modern
650 7 _aExposições de arte (história)
650 7 _aArte moderna.
650 7 _aBienais de arte.
650 0 7 _aKunstausstellung
700 1 _aAltshuler, Bruce.
942 _cBK
999 _c6
_d6